Score 0/24 Timer 08:00
0 Plays Today
% Correct
She's hot.
86.5%
I'm going to stab myself.
86.2%
She won't sleep with me. And I've tried everything.
85.4%
I'm not kidding.
85.2%
What's she doing here?
85.1%
Lighten up. It's a party.
84.4%
Take my advice.
84.3%
I'd like some fast-working poison, please.
81%
It's morning.
79.7%
This is where I'll die.
77.8%
The plan went bad.
74.6%
Give me the bad news.
74.2%
% Correct
What a pleasant surprise.
73.7%
You're going to regret this.
73.6%
You have really horrible luck.
72.8%
Hurry up and be night time!
72.8%
Get to the point.
68.4%
You shouldn't be up this early.
68.2%
We're moving too fast.
67.5%
Plants are so interesting.
65.2%
I must pray.
64.8%
Speak.
64.6%
He found someone new.
61.7%
He's dead.
59.6%
Remove Ads.
Support Sporcle.
Get the best of Sporcle when you Go Orange. This ad-free experience offers more features, more stats, and more fun while also helping to support Sporcle. Thank you for becoming a member.

You're not logged in!

Compare scores with friends on all Sporcle quizzes.
OR
Log In

Sporcle TV

Today on Sporcle TV


Watch our educational content, quiz creation guides, and fun videos on Sporcle TV.

Show Comments

Extras

Top Quizzes Today


Score Distribution

Paid Content

Your Account Isn't Verified!

In order to create a playlist on Sporcle, you need to verify the email address you used during registration. Go to your Sporcle Settings to finish the process.

Report this User

Report this user for behavior that violates our Community Guidelines.

Details: